[Event "TUR-chT 2nd League"]
[Site "Konya"]
[Date "2018.07.21"]
[Round "8.12"]
[White "Karsligil, Ahmet Toygun"]
[Black "Aydogdu, Cagatay"]
[Result "0-1"]
[WhiteElo "1406"]
[BlackElo "1722"]
[PlyCount "89"]
[EventDate "2018.07.16"]
[EventType "team-swiss"]
[EventRounds "9"]
[EventCountry "TUR"]
[SourceTitle "EXT 2019"]
[Source "ChessBase"]
[SourceDate "2018.10.10"]
[SourceVersion "1"]
[SourceVersionDate "2018.10.10"]
[SourceQuality "1"]
[WhiteTeam "Kahramanmaras Ustad"]
[BlackTeam "Marmara Universitesi"]
[WhiteTeamCountry "TUR"]
[BlackTeamCountry "TUR"]

1. e4 g6 2. d4 Bg7 3. Nf3 c6 4. c4 d5 5. cxd5 cxd5 6. e5 Nc6 7. h3 Bf5 8. Nc3 a6 9. Qb3 Rb8 10. Be3 e6 11. Rc1 Nge7 12. Be2 Be4 13. 0-0 Bxf3 14. Bxf3 Nf5 15. Rfd1 0-0 16. Qa3 Na5 17. b3 b5 18. Ne2 Nxe3 19. fxe3 Re8 20. Qb2 Bh6 21. Qd2 Qb6 22. Rc5 Rbc8 23. Rdc1 Rxc5 24. Rxc5 Bf8 25. Rc2 Nc6 26. Nf4 Bh6 27. g3 b4 28. Qc1 Ne7 29. Bg4 Bxf4 30. gxf4 h5 31. Be2 Nf5 32. Kf2 Qd8 33. Bxa6 Qh4+ 34. Ke2 Qxh3 35. Rc8 Qg2+ 36. Ke1 Rxc8 37. Qxc8+ Kh7 38. Qf8 Qg1+ 39. Bf1 Qxe3+ 40. Be2 Qc1+ 41. Bd1 Qc3+ 42. Kf1 Qh3+ 43. Kg1 Qe3+ 44. Kh1 Qe1+ 45. Kh2 0-1

[Event "TUR-chT 2nd League"]
[Site "Konya"]
[Date "2018.07.17"]
[Round "2.13"]
[White "Kavri, Yusuf Eren"]
[Black "Karsligil, Ahmet Toygun"]
[Result "1-0"]
[WhiteElo "1624"]
[BlackElo "1406"]
[PlyCount "57"]
[EventDate "2018.07.16"]
[EventType "team-swiss"]
[EventRounds "9"]
[EventCountry "TUR"]
[SourceTitle "EXT 2019"]
[Source "ChessBase"]
[SourceDate "2018.10.10"]
[SourceVersion "1"]
[SourceVersionDate "2018.10.10"]
[SourceQuality "1"]
[WhiteTeam "Samsun Gercek"]
[BlackTeam "Kahramanmaras Ustad"]
[WhiteTeamCountry "TUR"]
[BlackTeamCountry "TUR"]

1. d4 Nf6 2. c4 e6 3. Nc3 d5 4. Bg5 c6 5. e3 Be7 6. Nf3 0-0 7. cxd5 cxd5 8. Bd3 a6 9. 0-0 b5 10. Rc1 Bb7 11. Ne5 h6 12. Bh4 Ne4 13. Bxe7 Qxe7 14. f3 Nd6 15. e4 b4 16. Ne2 dxe4 17. fxe4 Nxe4 18. Qc2 Nf6 19. Qc7 Qxc7 20. Rxc7 Bd5 21. b3 a5 22. Nf4 Na6 23. Re7 Be4 24. Bc4 Nd5 25. Rxf7 Nac7 26. Bxd5 Nxd5 27. Nxe6 Rxf7 28. Rxf7 Kh8 29. Rxg7 1-0